000 00726nas a2200241 4500
001 BR7601408
003 BR-BrBNA
005 20231205082935.0
007 ta
008 230509b bl.|||p| |||| 00| 00por d
040 _aBR-BrBNA
_bpor
_cBiblioteca Nacional de Agricultura
041 _a(Pt)
072 _aH70
100 1 _aMaravalhas, N. (Centro de Pesquisas do Cacau, Ilheus, BA (Brazil))
245 1 _aCombate aos ratos nos armazens de cacau [Brasil]
650 _aPRODUTO ARMAZENADO
650 _aRATO
650 _aCACAU
650 _aARMAZEM
773 0 _tCacau Atualidades (Brazil)
_xISSN 0007-9340
_g(Jan 1975), v. 12(1) p. 22-23
_wBR7601408
909 _a202311
_bLúcia
_c55
_dLúcia Elande
942 _2AGRIS
_n0
_cANA
999 _c95253
_d95253